| 000 | 00529nam a22001931c 4500 | ||
|---|---|---|---|
| 001 | a987660476 | ||
| 008 | 080325s2001 gw |||| 000u rus d | ||
| 041 | _arus | ||
| 100 | 1 | _aKozlov, Vladimir P. | |
| 245 | 0 | 0 |
_aObmanutaja, no toržestvujuščaja Klio : _bPodlogi pis'mennych istočnikov po rossijskoj istorii v XX v. |
| 264 |
_aMoskva : _bROSSPEN, _c2001 |
||
| 300 | _a224 S. | ||
| 650 | 0 | _aFälschungen | |
| 650 | 0 | _aQuellenkunde | |
| 651 | 0 | _aSowjetunion | |
| 942 | _cMG | ||
| 040 | _cRU-10907106 | ||
| 003 | RU-10907106 | ||
| 999 |
_c24867 _d24867 |
||